000 00826nam a2200205 a 4500
005 20210219154952.0
008 030117s2000 mx r 000 0 spa d
020 _a9701328353
035 _aUPN01000135750
049 _aC
050 4 _aHA770
_bno. 565
110 2 _aInstituto Nacional de Estadística, Geografía e Informática (México)
245 1 0 _aSan Juan Bautista Tuxtepec :
_bEstado de Oaxaca : cuaderno estadístico municipal : edición 1999 /
_cInstituto Nacional de Estadística, Geografía e Informática.
260 _aAguascalientes :
_bGobierno del Estado de Oaxaca :
_bINEGI,
_c2000.
300 _axiii, 175 p. :
_bmapas, cuadrs., gráfs.
650 4 _aPOBLACION -
_zTUXTEPEC, OAXACA
651 4 _aTUXTEPEC, OAXACA -
_xESTADISTICAS
651 4 _aTUXPETEC, OAXACA -
_xCONDICIONES ECONOMICAS
905 _aLibro
999 _c107901
_d107901